UM Logo

Business/ (Record no. 8368)

MARC details
000 -LEADER
fixed length control field 00527nam a2200169 4500
008 - FIXED-LENGTH DATA ELEMENTS--GENERAL INFORMATION
fixed length control field 180130b xxu||||| |||| 00| 0 eng d
020 ## - INTERNATIONAL STANDARD BOOK NUMBER
International Standard Book Number 0-395-47277-6
082 ## - DEWEY DECIMAL CLASSIFICATION NUMBER
Edition number 1989
Classification number DC 650
Item number F41
100 ## - MAIN ENTRY--PERSONAL NAME
9 (RLIN) 25895
Personal name Ferrel, O.C.
245 ## - TITLE STATEMENT
Title Business/
Statement of responsibility, etc. O.C. Ferrel and Geoffrey Hirt.
260 ## - PUBLICATION, DISTRIBUTION, ETC. (IMPRINT)
Place of publication, distribution, etc. Boston:
Name of publisher, distributor, etc. Houghton Mifflin Companay,
Date of publication, distribution, etc. ©1989.
300 ## - PHYSICAL DESCRIPTION
Extent xxx, 852 pages:
Other physical details color illustration;
Dimensions 25 cm.
521 ## - TARGET AUDIENCE NOTE
Target audience note Includes glossary and index.
650 #0 - SUBJECT ADDED ENTRY--TOPICAL TERM
9 (RLIN) 25896
Topical term or geographic name as entry element Business
700 ## - ADDED ENTRY--PERSONAL NAME
9 (RLIN) 25897
Personal name Hirt, Goefffrey.
942 ## - ADDED ENTRY ELEMENTS (KOHA)
Source of classification or shelving scheme Dewey Decimal Classification
Koha item type Circulation
Holdings
Withdrawn status Lost status Source of classification or shelving scheme Damaged status Not for loan Collection code Home library Current library Date acquired Source of acquisition Total Checkouts Full call number Barcode Date last seen Copy number Price effective from Koha item type
    Dewey Decimal Classification     Circulation UM Digos College - LIC UM Digos College - LIC 04/08/1995 Purchased   DC 650 F41 1989 11807 05/15/2025 1 01/30/2018 Circulation